| 000 | 00718 a2200217 4500 | ||
|---|---|---|---|
| 003 | Nust | ||
| 005 | 20170207153140.0 | ||
| 010 | _a 90083169 | ||
| 020 | _a0669168017 | ||
| 040 | _cNust | ||
| 082 | 0 | 0 | _a510 |
| 100 | 1 | _aLarson, Ron, | |
| 245 | 1 | 0 |
_aFinite mathematics / _cKraus,Ann R. _bInstructor's guide |
| 260 |
_aLexington, Mass. : _bD.C. Heath, _cc1991. |
||
| 300 |
_axii, 500, 64 p. : _bill. (some col.) ; _c24 cm. |
||
| 505 | _aPart 1 Chapter Summaries (Page-1) Answers to Even Numbered Exercises (Page-10) Bank of Chapter Test (Page-87) Answers Keys to Chapter Tests (Page-166) | ||
| 538 | _aAlmirah No 11 and Shelf No 1 | ||
| 650 | 0 | _aMathematics. | |
| 700 | 1 | _aEdwards, Bruce H. | |
| 700 | 1 | _aHeyd, David E. | |
| 942 |
_2ddc _cBK |
||
| 999 |
_c180059 _d180059 |
||